000 01279nam a2200325 i 4500
001 196884
003 ES-MaACL
005 20250807205013.0
008 240308s sp | |||| 000 spa
015 _aMON24
017 _aM 34352-2023
_bOficina Depósito Legal Madrid
020 _a9788479667863
035 _a(SpMaBN)a7442214
040 _aSpMaBN
_bspa
_cSpMaBN
_erda
100 1 _aTorres López, Jesús
_9239475
_eaut
245 1 _aContra viento y marea :
_bmovimiento congreacional femenino en España (1788-1930) /
_cJesús Torres López.
260 _aMadrid :
_bPublicaciones Claretianas,
_c2023.
264 _a©2023
300 _a172 páginas ;
_c21 cm
336 _aTexto
_2rdacontent
337 _asin mediación
_2rdamedia
338 _avolumen
_2rdacarrier
650 7 _aÓrdenes y congregaciones religiosas de mujeres
_2embne
_9170987
852 _aES-MaACL
_cDEPOJ
_jN-10280
_gDedicatoria autógrafa del autor
_hDonación: Jesús Torres López
_xEncuadernación rústica con solapas
_9206401
903 _9239475
_aTorres López, Jesús
_ednr
942 _cMONOGRAFIA
_n0
999 _c196884
_d196884